书目信息 |
| 题名: |
毛泽东著作选读
|
|
| 作者: | 毛泽东 著 ;中共中央文献编辑委员会 编 | |
| 分册: | 乙种本 | |
| 出版信息: | 北京 中国青年出版社 1964 |
|
| 页数: | 254页 | |
| 开本: | 19cm | |
| 丛书名: | ||
| 单 册: | ||
| 中图分类: | A419 | |
| 科图分类: | ||
| 主题词: | 毛泽东著作--选读 | |
| 电子资源: | ||
| ISBN: | ||
| 000 | 00744nam0 2200241 45 | |
| 001 | 0186020293 | |
| 005 | 20060721161858.84 | |
| 010 | @dCNY0.50 | |
| 091 | @a1001.1382 | |
| 100 | @a19900724d1964 em y0chiy0121 ea | |
| 101 | 0 | @achi |
| 102 | @aCN@b110000 | |
| 105 | @ay z 000yy | |
| 200 | 10 | @a毛泽东著作选读@h乙种本@Amao ze dong zhu zuo xuan du@f毛泽东著@FMao Ze Dong Zhu@g中共中央文献编辑委员会编 |
| 210 | @a北京@c中国青年出版社@d1964 | |
| 215 | @a254页@d19cm | |
| 606 | @a毛泽东著作@x选读 | |
| 690 | @aA419@v3 | |
| 701 | 0 | @a毛泽东@4著 |
| 712 | 02 | @a中共中央文献编辑委员会@Azhong gong zhong yang wen xian bian ji wei yuan hui@4编 |
| 801 | 0 | @aCN@b深圳图书馆@c20060721 |
| 801 | 2 | @aCN@bNLC@c20060721 |
| 905 | @dA419@e24:2@f1@b162822 | |
| 毛泽东著作选读.乙种本/毛泽东著/中共中央文献编辑委员会编.-北京:中国青年出版社,1964 |
| 254页;19cm |
| ISBN :CNY0.50 |
| ● |
| 相关链接 |
|
|
|
|
正题名:毛泽东著作选读
索取号:A419/24:2
 
预约/预借
| 序号 | 登录号 | 条形码 | 馆藏地/架位号 | 状态 | 备注 |
| 1 | 0425286 | 204252860 | 密集书库/ [索取号:A419/24:2] | 在馆 |